Actrices francophones par images #1 - Statistiques

Statistiques générales
  • Ce quiz a été pris 228 fois
  • Le résultat moyen est 7 sur 16
Statistiques - réponses
Par images Réponse % Correct
Adèle Exarchopoulos
83%
Audrey Lamy
81%
Audrey Fleurot
75%
Camille Cottin
69%
Isabelle Nanty
62%
Leila Bekhti
56%
Léa Seydoux
54%
Camélia Jordana
45%
Alison Wheeler
43%
Elodie Fontan
42%
Marilou Berry
31%
Sabrina Ouazani
16%
Julia Piaton
12%
Alice Pol
11%
Zita Hanrot
11%
Sara Forestier
5%
Aucun quiz correspondant
Distribution des résultats
% des personnes avec chaque résultat
Percentile par nombre de réponses
Votre historique - résultats
Vous n’avez pas pris ce quiz